Estatísticas para Maiores Campeões da Copa Libertadores

Clique aqui para jogar o quiz

Estatísticas Gerais

  • Esse quiz foi jogado 47 vezes
  • A pontuação média é 19 de 26

Estatísticas das Respostas

N° de títulosCampeão% Correto
6Boca Juniors
100%
3Palmeiras
98%
4River Plate
98%
3Flamengo
95%
3Grêmio
90%
3Santos
88%
2Internacional
85%
5Peñarol
85%
3São Paulo
85%
1Fluminense
80%
7Independiente
80%
1Corinthians
76%
3Nacional
76%
1Vasco da Gama
76%
2Cruzeiro
73%
3Olimpia
73%
1Atlético Mineiro
71%
2Atlético Nacional
63%
4Estudiantes
63%
1Colo-Colo
59%
1Racing
59%
1LDU Quito
51%
1San Lorenzo
51%
1Vélez Sarsfield
41%
1Once Caldas
34%
1Argentinos Juniors
27%

Distribuição das Pontuações

Percentil de Números Respondidos

Porcentagem de Pessoas com Cada Pontuação

Sua Pontuação Histórica

Você não jogou esse quiz